Možnosti zdokonaľovania výrobnej logistiky v POLYSACK ICT, s.r.o. diplomová práca

Guardado en:
Detalles Bibliográficos
Autor principal: Balaďa, Martin
Autor Corporativo: Fakulta podnikového manažmentu EU. Katedra manažmentu výroby a logistiky - zrušená
Otros Autores: Dupaľ, Andrej
Formato: Libro
Lenguaje:eslovaco
Publicado: Bratislava 2009
Etiquetas: Agregar Etiqueta
Sin Etiquetas, Sea el primero en etiquetar este registro!

MARC

LEADER 00000nam$a2200000$$$4500
001 0102289
005 20240320075205.5
041 0 |a slo 
044 |a SK 
245 1 0 |a Možnosti zdokonaľovania výrobnej logistiky v POLYSACK ICT, s.r.o.  |b diplomová práca  |c Martin Balaďa ; škol. Andrej Dupaľ 
264 1 |a Bratislava  |c 2009 
300 |a 62 s. 
100 1 |a Balaďa, Martin 
700 1 |a Dupaľ, Andrej 
710 2 |a Fakulta podnikového manažmentu EU. Katedra manažmentu výroby a logistiky - zrušená